Excelentisimo señor. Desde la entrega de Barcelona, Figueras, Pamplona y San Sebastian, época en que me hallaba en Madrid, empecé á no perdonar medios para formar la revolucion ... Me hallo sorprendido al ver nombrado al General ingles Lord Wellington en Gefe de los exércitos Españoles por resolucion de las Córtes generales ... 24 de octubre de 1812 ... Francisco Vallesteros ... Ministro de la Guerra / (Record no. 174398)

MARC details
000 -LEADER
campo de control de longitud fija 01197nam a2200217 i 4500
001 - NÚMERO DE CONTROL
campo de control 174398
003 - IDENTIFICADOR DE NÚMERO DE CONTROL
campo de control ES-MaACL
005 - FECHA Y HORA DE LA ÚLTIMA TRANSACCIÓN
campo de control 20250831063042.0
008 - DATOS DE LONGITUD FIJA--INFORMACIÓN GENERAL
campo de control de longitud fija 100414s1812 sp |||| | spa d
080 ## - NÚMERO DE LA CLASIFICACIÓN DECIMAL UNIVERSAL
Número de la Clasificación Decimal Universal 946.0"1808/1814"(093)
100 1# - ENTRADA PRINCIPAL--NOMBRE DE PERSONA
Nombre de persona Ballesteros López, Francisco,
Fechas asociadas al nombre 1770-1833
9 (RLIN) 125789
245 10 - MENCIÓN DEL TÍTULO
Título Excelentisimo señor. Desde la entrega de Barcelona, Figueras, Pamplona y San Sebastian, época en que me hallaba en Madrid, empecé á no perdonar medios para formar la revolucion ... Me hallo sorprendido al ver nombrado al General ingles Lord Wellington en Gefe de los exércitos Españoles por resolucion de las Córtes generales ... 24 de octubre de 1812 ... Francisco Vallesteros ... Ministro de la Guerra /
Mención de responsabilidad, etc. [Francisco Vallesteros].
250 ## - MENCION DE EDICION
Mención de edición Reimp.
260 ## - PUBLICACIÓN, DISTRIBUCIÓN, ETC.
Lugar de publicación, distribución, etc. Cádiz :
Nombre del editor, distribuidor, etc. [s.n.,
Fecha de publicación, distribución, etc. 1812] (
Fabricante Imp. de Figueroa)
300 ## - DESCRIPCIÓN FÍSICA
Extensión [1] h. ;
Dimensiones 31 cm pleg. en 22 cm.
594 ## - Nota al título y mención de responsabilidad
Nota al título y mención de responsabilidad Se ha respetado la puntuación original en el título.
596 ## - NOTA AL PIE DE IMPRENTA
NOTA AL PIE DE IMPRENTA Pie de imp. tomado de colofón.
651 #4 - PUNTO DE ACCESO ADICIONAL DE MATERIA--NOMBRE GEOGRÁFICO
Nombre geográfico España-
Subdivisión general Historia-
Subdivisión cronológica 1808-1814, Guerra de la Independencia-
Subdivisión de forma Fuentes.
9 (RLIN) 142504
852 ## - LOCALIZACIÓN
Ubicación ES-MaACL
Número de control de estantería R-3308(6)
Nota libre .- Encuadernado con otras obras
Holdings
Estatus retirado Estado de pérdida Estado de daño No para préstamo Colección Biblioteca de origen Biblioteca actual Ubicación en estantería Fecha de adquisición Fuente de adquisición Total de préstamos Signatura topográfica completa Código de barras Visto por última vez Precio de reemplazo Tipo de ítem Koha
        Libros del s. XIX Biblioteca del Ateneo de Madrid Biblioteca del Ateneo de Madrid Depósito 14/04/2010     R-3308(6) 1183054 23/02/2023 23/02/2023 Libro impreso antiguo